Loreto College Library, Kolkata
WEBOPAC (ONLINE PUBLIC ACCESS CATALOGUE)

Petrach's Lyric Poems (Record no. 24908)

MARC details
000 -LEADER
fixed length control field 00616nam a2200193Ia 4500
008 - FIXED-LENGTH DATA ELEMENTS--GENERAL INFORMATION
fixed length control field 131103s9999 xx 000 0 und d
040 ## - CATALOGING SOURCE
Original cataloging agency Loreto College
041 ## - LANGUAGE CODE
Language code English
082 ## - DDC | ডিউই
Classification number | বর্গসংখ্যা 851/PET
Book Number | গ্রন্থাঙ্ক LCLIB(press)/27911
245 ## - TITLE STATEMENT | অাখ্যা বিবরণী
Title | অাখ্যা Petrach's Lyric Poems
Sub title | উপঅাখ্যা The rime sparse and other lyrics
Statement of responsibility | লেখকের দায়িত্বের বিবরণ translated & edited by Robert M.Durling
260 ## - IMPRINT | প্রকাশনা ক্ষেত্র
Place of publication | প্রকাশ স্থান London
Name of publisher | প্রকাশকের নাম Harvard University Press
Date of publication | প্রকাশ কাল 1979
300 ## - PHYSICAL DESCRIPTION |
Page / Vol. No | পৃষ্ঠা / খন্ড সংখ্যা 23cm
504 ## - BIBLIOGRAPHY, ETC. NOTE
Bibliography, etc Includes bibilography references & index
650 ## - SUBJECT ADDED ENTRY--TOPICAL TERM | বিষয় শিরোনাম - মূল বিষয়
Topical term | মূল বিষয় Lyric Poems
651 ## - SUBJECT ADDED ENTRY--GEOGRAPHIC NAME | বিষয় শিরোনাম - ভৌগলিক নাম
Geographic name | ভৌগলিক বিষয় Italian literature
700 ## - ADDED ENTRY--PERSONAL NAME | অতিরিক্ত সংলেখ - ব্
Personal name | ব্যাক্তিনাম Durling Robert M,trl &ed
850 ## - HOLDING INSTITUTION
Holding institution LCLIB/851/PET
942 ## - ADDED ENTRY ELEMENTS (KOHA)
Koha item type Books
Holdings
Withdrawn status Lost status Damaged status Not for loan Home library Current library Date acquired Total Checkouts Full call number Accession No. Date last seen Price effective from Koha item type
        Loreto College Loreto College 04/11/2013   851/PET LCLIB(press)/27911 B27700 04/11/2013 04/11/2013 Books